000 00811nam a22002897a 4500
001 BR0703265
003 BR-BrBNA
005 20230928102453.0
007 ta
008 230509b bl.||||| |||| 00| 0 por d
040 _aBR-BrBNA
_bpor
_cBiblioteca Nacional de Agricultura
041 _a(Por)
072 _aE14; H20; H10
_b0940
090 _ 0940 BR0703265
110 1 _aInstituto Brasileiro do Vinho, Bento Gonçalves, RS (Brasil)
_95939
245 1 _aDoenças e pragas da videira na região
260 3 _aBento Gonçalves, RS (Brasil):
_c1998.
300 _a2 p.
650 _aUVA
650 _aDOENÇA DE PLANTA
650 _aPRAGA DE PLANTA
650 _aCUSTO
650 _aPROJETO DE DESENVOLVIMENTO
650 _aRIO GRANDE DO SUL
909 _a202309
_bLucia
_c55
_dLucia Elande
942 _cBK
999 _c70932
_d70932